Local History: (Record no. 180263)

000 -LEADER
fixed length control field 00526nam a22001817a 4500
020 ## - INTERNATIONAL STANDARD BOOK NUMBER
ISBN 9789386085399
082 ## - DEWEY DECIMAL CLASSIFICATION NUMBER
Classification number 907.2
Item number SHI/L
245 ## - TITLE STATEMENT
Title Local History:
Sub Title quest for theoreis and method/
Statement of responsibility, etc by Shinas A M (ed.) and Vincent P J (ed.)
260 ## - PUBLICATION, DISTRIBUTION, ETC. (IMPRINT)
Place of publication Kottayam:
Name of publisher Sahithya Pravarthaka Cooperative Society,
Year of publication 2016.
300 ## - PHYSICAL DESCRIPTION
Number of Pages 96p.
650 ## - SUBJECT ADDED ENTRY--TOPICAL TERM
Topical Term Historical Research
650 ## - SUBJECT ADDED ENTRY--TOPICAL TERM
Topical Term Historiography
650 ## - SUBJECT ADDED ENTRY--TOPICAL TERM
Topical Term Local History
650 ## - SUBJECT ADDED ENTRY--TOPICAL TERM
Topical Term History
700 ## - ADDED ENTRY--PERSONAL NAME
Personal name Shinas A M (ed.)
700 ## - ADDED ENTRY--PERSONAL NAME
Personal name Vincent P J (ed.)
942 ## - ADDED ENTRY ELEMENTS (KOHA)
Koha item type Book
Holdings
Withdrawn status Lost status Damaged status Not for loan Permanent Location Current Location Shelving location Date acquired Cost, normal purchase price Full call number Accession Number Price effective from Koha item type
        Sree Sankaracharya University of Sanskrit Sree Sankaracharya University of Sanskrit Stacks 15.09.2025 100.00 907.2 SHI/L 107108 15.09.2025 Book